Statystyki dla Kto strzelił więcej goli w... #1

Kliknij tutaj aby rozwiązać quiz!

Ogólne statystyki

  • Ten quiz został rozwiązany 1 372 razy
  • Średni wynik to 6 z 12

Statystyki odpowiedzi

ZagadnienieOdpowiedź% Poprawnych
Ligue 1 ?Edinson Cavani
68%
Kto strzelił więcej goli w FC Barcelonie ?Gerrard Pique
67%
Kto strzelił więcej goli w BundeslidzeTomasz Kłos
60%
Kto strzelił więcej goli w Premier League ?Harry Kane
51%
Kto strzelił więcej goli w Realu Madryt ?Luka Modric
51%
Kto strzelił więcej goli w AC Milanie ?Carlos Bacca
47%
Kto strzelił więcej goli w Serie A ?Francesco Totti
45%
Kto strzelił więcej goli w reprezentacji Holandii ?Klaas-Jan Huntelaar
41%
Kto strzelił więcej goli w Lechu Poznań ?Nicki Bille Nielsen
40%
Kto strzelił więcej goli w Ekstraklasie ?Jarosław Niezgoda
39%
Kto strzelił więcej goli w Reprezentacji Hiszpani ?Xabi Alonso
25%
Kto strzelił więcej goli w Reprezentacji Polski ?Tomasz Hajto
23%

Rozkład punktacji

Percentyl według liczby udzielonych odpowiedzi

Procent ludzi z każdym wynikiem

Twoja historia wyników

Nie rozwiązałeś tego quizu